Statistiken für Disney+ Original Serien nach Bildern

Klicken Sie hier um das Quiz zu spielen!

Allgemein

  • Dieses Quiz wurde 109 mal gespielt
    (38 seit der letzten Aktualisierung)
  • Das Durchschnittsergebnis liegt bei 10 aus 16

Antwortstatistiken

Antwort% Korrekt
Cars on the Road
100%
Ice Age: Scrats Abenteuer
89%
Olaf präsentiert
83%
Baymax!
80%
Ed Sheeran: The Sum Of It All
80%
Loki
80%
Percy Jackson
71%
Und jetzt: Die Muppets!
71%
Santa Clause - Die Serie
66%
The Mandalorian
60%
High School Musical: Das Musical – Die Serie
57%
Monster bei der Arbeit
51%
Zoomania+
40%
The Beatles: Get Back
31%
Die drei !!!
29%
Verschlungene Wege
3%

Verteilung der Resultate

Perzentil nach korrekt beantworteten Fragen

Anzahl Personen mit jedem Resultat

Ihre Resultats-Entwicklung

Sie haben dieses Quiz seit der letzten Aktualisierung nicht gespielt